NAQT History-Chinese Dynasties - Statistics

General Stats
  • This quiz has been taken 23 times
  • The average score is 9 of 10
Answer Stats
Years Hint Dynasty % Correct
AD 1644-1911 Manchus, Last Imperial Dynasty, Banner system, Opium Wars, Taiping Rebellion, Boxer Rebellion Qing Dynasty
100%
AD 1368-1644 Last Native Dynasty, Zhu family, Porcelain, Red Turbans Ming Dynasty
95%
206 BC-AD 220 Majority ethnic group, Liu Bang/Emperor Gaozu, Chang'an/Xi'an Han Dynasty
89%
221-206 BC Short dynasty, Standardized weight measurements, Great Wall Qin Dynasty
89%
1600-1046 BC Bronze Age, First dynasty, Yin, near Anyang, Oracle bones Shang Dynasty
89%
AD 960-1279 Neo-Confucianism, Gunpowder, Compass Song Dynasty
89%
AD 1271-1368 Mongols, Kublai Khan, Deposed by Red Turban Rebellion Yuan Dynasty
89%
1046-256 BC Chariot warriors, Spring and Autumn Period, Hundred Schools of Thought, Confucianism, Sun Tzu, Art of War Zhou Dynasty
89%
AD 618-907 Li Bai, Du Fu lived, Printing press, Li family, Empress Wu, "Second Zhou Dynasty" Tang Dynasty
84%
AD 184-280 Cao Wei, Eastern Wu, and Shu Han, Battle of Red Cliffs, Southern and Northern Dynasties. Period of Three Kingdoms
63%
No matching quizzes found
Score Distribution
Percent of People with Each Score
Percentile by Number Answered
Your Score History
You have not taken this quiz